Top 30 : Lacrim - Statistiques

Statistiques générales
  • Ce quiz a été pris 62 fois
  • Le résultat moyen est 9 sur 30
Statistiques - réponses
Top Titres Featuring % Correct
1 A.W.A French Montana
94%
3 Ce soir ne sors pas GIMS
62%
4 Boston George Maes
60%
6 Noche Damso
60%
2 No lo sé
58%
10 Oh bah oui Booba
48%
18 Barbade
40%
30 Corleone
38%
7 Joie de filles Vacra
38%
20 Liquide SCH
38%
5 Gustavo Gaviria
36%
12 Senor de los Gallos Werenoi
34%
24 Dadinho Ninho
30%
11 Maladie Soolking
28%
19 Allez nique ta mère Soso Maness
20%
25 Veux-tu ? Ninho
18%
21 J'appelle Uber Morad
16%
8 Loi de la calle Niro, UZI, Mister You, Kofs, Le Rat Luciano, Jul, Alonzo, Le classico organisé
16%
29 Penelope Cruz
16%
13 Traîtres
16%
22 Grande armée
14%
9 J-Lo AriBeatz, Nimo
14%
15 Rolls Hornet La Frappe
14%
23 Solo
14%
14 Gericault
12%
17 Mango Kore
12%
16 DE AQUI PA YA The Plug, Morad, SRNO
10%
26 Jacques Chirac
10%
27 Maradona AM La Scampia
10%
28 On l'a pas choisi
6%
Aucun quiz correspondant
Distribution des résultats
% des personnes avec chaque résultat
Percentile par nombre de réponses
Votre historique - résultats
Vous n’avez pas pris ce quiz